000 00425nam a2200145 a 4500
001 000030199
005 20250221073755.0
008 110504s2009 dr a 000 0 spa d
040 _aDO-SdBNP
_bspa
_cBNPHU
245 0 0 _aDirectorio de empresas 2009.
260 _aSanto Domingo :
_aONE,
_c2009.
300 _a71 p. :
_bil. ;
_c28 cm.
710 1 _aRepública Dominicana.
_bOficina Nacional de Estadística
_95775
049 _aBNPD
999 _c29691
_d29691